La enseñanza técnica forestal: principios y ejecución / H. A Hilmi (Registro nro. 3516)

Detalles MARC
000 -LEADER
fixed length control field 00503nam a22002051a 4500
001 - CONTROL NUMBER
control field 3516
003 - CONTROL NUMBER IDENTIFIER
control field OSt
005 - DATE AND TIME OF LATEST TRANSACTION
control field 20260204211853.0
008 - FIXED-LENGTH DATA ELEMENTS--GENERAL INFORMATION
fixed length control field 041127s1992||||sp ||||||b||||||||||spa||
020 ## - NUMERO DE LIBRO INTERNACIONAL NORMALIZADO
International Standard Book Number 923020806
050 ## - LIBRARY OF CONGRESS CALL NUMBER
Classification number 333.75153 H56e
082 ## - DEWEY DECIMAL CLASSIFICATION NUMBER
Classification number 333.75153 H56e
100 ## - ASIENTO PRINCIPAL -- NOMBRE PERSONAL
Personal name Hilmi, H. A.
245 ## - TÍTULO PROPIAMENTE DICHO: SUBTÍTULO
Title La enseñanza técnica forestal: principios y ejecución / H. A Hilmi
264 ## - PRODUCTION, PUBLICATION, DISTRIBUTION, MANUFACTURE, AND COPYRIGHT NOTICE
Place of production, publication, distribution, manufacture España : Fao
300 ## - PHYSICAL DESCRIPTION
Extensión 200 p
650 ## - ASIENTO SECUNDARIO DE MATERIA -- TERMINO TEMÁTICO
Termino Temático Como Elemento de Entrada 1.Forestación
700 ## - ASIENTO SECUNDARIO -- NOMBRE PERSONAL
Personal name D. SimÌ
942 ## - ADDED ENTRY ELEMENTS (KOHA)
Source of classification or shelving scheme Dewey Decimal Classification
Koha item type Libros
Existencias
Withdrawn status Lost status Source of classification or shelving scheme Damaged status Not for loan Current library Date acquired Total Checkouts Full call number Barcode Date last seen Price effective from Koha item type
    Dewey Decimal Classification     Biblioteca UTECO 09/09/2019   333.75153 H56E 007963 09/09/2019 09/09/2019 Libros
© 2021 Derechos Reservados UTECO - Teléfono: +1 809-585-2291 - Correo electrónico: biblioteca@uteco.edu.do​  
Código postal 43000 ​​
Dirección: Avenida Universitaria No. 100, 
Cotuí, Provincia Sánchez Ramírez, República Dominicana - RNC: 404-00059-6